How sweet the sound / (Record no. 572)

MARC details
000 -LEADER
fixed length control field 01241cam a22003254a 4500
005 - DATE AND TIME OF LATEST TRANSACTION
control field 20260322212025.0
008 - FIXED-LENGTH DATA ELEMENTS--GENERAL INFORMATION
fixed length control field data
010 ## - LIBRARY OF CONGRESS CONTROL NUMBER
LC control number 2003016334
020 ## - INTERNATIONAL STANDARD BOOK NUMBER
International Standard Book Number 0842370420
020 ## - INTERNATIONAL STANDARD BOOK NUMBER
International Standard Book Number 9780842370424
040 ## - CATALOGING SOURCE
Original cataloging agency DLC
Transcribing agency DLC
Modifying agency DLC
042 ## - AUTHENTICATION CODE
Authentication code pcc
043 ## - GEOGRAPHIC AREA CODE
Geographic area code n-us---
050 00 - LIBRARY OF CONGRESS CALL NUMBER
Classification number ML420.S535
Item number A3 2004
082 00 - DEWEY DECIMAL CLASSIFICATION NUMBER
Classification number B
-- B
Edition information 22
092 ## - LOCALLY ASSIGNED DEWEY CALL NUMBER (OCLC)
Classification number 782.3 S535 2004
001 - CONTROL NUMBER
control field data
100 1# - MAIN ENTRY--PERSONAL NAME
Personal name Shea, George Beverly,
Dates associated with a name 1909-
245 10 - TITLE STATEMENT
Title How sweet the sound /
Statement of responsibility, etc. George Beverly Shea, Betty Free Swanberg & Jeffery McKenzie.
260 ## - PUBLICATION, DISTRIBUTION, ETC.
Place of publication, distribution, etc. Wheaton, Ill. :
Name of publisher, distributor, etc. Tyndale House Publishers,
Date of publication, distribution, etc. c2004.
300 ## - PHYSICAL DESCRIPTION
Extent xiv, 282 p. :
Other physical details ill. ;
Dimensions 22 cm.
600 10 - SUBJECT ADDED ENTRY--PERSONAL NAME
Personal name Shea, George Beverly,
Dates associated with a name 1909-
650 #0 - SUBJECT ADDED ENTRY--TOPICAL TERM
Topical term or geographic name entry element Singers
Geographic subdivision United States
Form subdivision Biography.
700 1# - ADDED ENTRY--PERSONAL NAME
Personal name Swanberg, Betty Free.
700 1# - ADDED ENTRY--PERSONAL NAME
Personal name McKenzie, Jeffery.
856 41 - ELECTRONIC LOCATION AND ACCESS
Materials specified Table of contents
Uniform Resource Identifier <a href="http://www.loc.gov/catdir/toc/ecip046/2003016334.html">http://www.loc.gov/catdir/toc/ecip046/2003016334.html</a>
906 ## - LOCAL DATA ELEMENT F, LDF (RLIN)
a 7
b cbc
c orignew
d 1
e ecip
f 20
g y-gencatlg
925 0# -
-- acquire
-- 2 shelf copies
-- policy default
955 ## - COPY-LEVEL INFORMATION (RLIN)
-- vl26 2003-07-23
-- vl26 2003-07-23 to Dewey
-- vk05 2004-02-26 CIP ver. to BCCD
Holdings
Withdrawn status Lost status Damaged status Not for loan Home library Current library Shelving location Date acquired Total checkouts Full call number Barcode Date last seen Price effective from Koha item type
        Centerville Centerville General stacks 22/03/2026   782.25/092 B 22 BC0010586 22/03/2026 22/03/2026 Books